Axis countries - Statistics

General Stats
  • This quiz has been taken 53 times
  • The average score is 7 of 10
Answer Stats
Hint Answer % Correct
Island war whit USA Japan
100%
Started WW2 Germany
98%
Took over Albania Italy
98%
Austria-****** Hungary
96%
Vampires Romania
94%
Had cvil war(neutral) Spain
72%
Figth with both Finland
68%
Helped italy Bulgaria
64%
Free ******** Thailand
40%
Spanish colony Spanish Sahara
4%
No matching quizzes found
Score Distribution
Percent of People with Each Score
Percentile by Number Answered
Your Score History
You have not taken this quiz